|
|
|
|
| LEADER |
00000ny a22000003n 4500 |
| 005 |
20110621105740.0 |
| 008 |
080806s2007 ag s 000 0 spa d |
| 020 |
|
|
|a 9505361912
|
| 035 |
|
|
|a 2208
|
| 040 |
|
|
|a UMA.RE
|d vLex
|
| 080 |
|
|
|a 349.2(82)(0.034)
|
| 080 |
|
|
|a 35.08(061.3)(0.034)
|
| 090 |
|
|
|c 913
|d 913
|
| 245 |
0 |
0 |
|a Ejercicio de la funcin̤ publica
|h [Recurso electrn̤ico]
|b ťica y transparencia /
|c Ines A. D'Argenio,[coord.]
|
| 256 |
|
|
|a Servicio en ln̕ea
|
| 260 |
|
|
|a La Plata :
|b Editorial Platense,
|c 2007
|
| 506 |
1 |
|
|a Contenido solo disponible en los productos indicados
|d vLex Global
|d vLex Global (Academic Edition, excluding Law Schools)
|d vLex Global (U.S. Academic Edition, Law Schools)
|d vLex Global (U.S. Academic Edition, excluding Law Schools)
|d vLex Global (Academic Edition, Law Schools)
|
| 520 |
|
|
|a Libro que recoge las jornadas celebradas como homenaje al profesor Bartolome A. Fiorini
|
| 700 |
1 |
|
|a Argenio D',Ines A.
|e coord
|
| 740 |
0 |
|
|a vLex Libros (Servicios en ln̕ea)
|
| 856 |
4 |
0 |
|u http://vlex.com/source/2208
|z Acceso restringido
|
| 942 |
|
|
|c BOOK
|
| 999 |
0 |
4 |
|a Derecho administrativo
|v En ln̕ea
|
| 999 |
0 |
4 |
|a Funcin̤ pb︢lica
|v En ln̕ea
|